Lineamiento para un plan de desarrollo urbano del departamento de Jutiapa
El presente trabajo aborda programas y proyectos de desarrollo regional para un plan de desarrollo urbano.
| Main Author: | |
|---|---|
| Other Authors: | |
| Format: | Tesis Section = Libro |
| Language: | Undetermined Spanish |
| Published: |
Guatemala
USAC-G
1980
|
| Subjects: |
| LEADER | 00785nam a2200217Ia 4500 | ||
|---|---|---|---|
| 008 | 240830s9999 xx 000 0 und d | ||
| 040 | |a BIBLIOTECA-RUSB/ Mon 711.4728143 I12 | ||
| 041 | |a spa | ||
| 082 | |a Mon 711.4728143 I12 | ||
| 100 | 1 | |a Ibarra Rodríguez, Edgar Amador | |
| 245 | 1 | 0 | |a Lineamiento para un plan de desarrollo urbano del departamento de Jutiapa |
| 260 | |a Guatemala |b USAC-G |c 1980 | ||
| 300 | |a 151 p. :il. | ||
| 502 | |a Tesis (Arquitecto) - USAC-G, 1980. | ||
| 520 | 3 | |a El presente trabajo aborda programas y proyectos de desarrollo regional para un plan de desarrollo urbano. | |
| 650 | 7 | |a CIUDADES (PLANES Y PLANIFICACION LOCALES-JUTIAPA) | |
| 650 | 7 | |b GUATEMALA | |
| 700 | 1 | |a Tutor: |b Chavarría Smeaton, Francisco | |
| 942 | |c BK |2 ddc | ||
| 991 | |a TESIS | ||
| 999 | |c 20991 | ||